Statistiques concernant Clic Les révoltes paysannes et populaires en France

Cliquez ici pour prendre le quiz!

Statistiques générales

  • Ce quiz a été pris 7 fois
  • Le résultat moyen est 5 sur 24

Statistiques - réponses

HintRéponse% Correct
2018 - FranceGilets jaunes
100%
1871 - ParisCommunards
67%
1702-1715 - Cévennes - ProtestantsCamisards
50%
1831 - LyonCanuts
50%
1793-1796 Vendée & BretagneChouans
50%
2013-2014 - BretagneBonnets rouges
33%
1675 - BretagneBonnets rouges
17%
1589 - LanguedocFrancs-museaux
17%
1358 - Ile-de-FranceJacques
17%
1548 - BordelaisJacques
17%
1323-1328 - Flandre maritimeKarls
17%
1662 - BoulonnaisLustucrus
17%
1639 - NormandieNu-pieds
17%
1658 - SologneSabotiers
17%
1380-1385 - FlandreChaperons blancs
0%
1829-1832 - AriègeDemoiselles
0%
1579 - NormandieGautiers
0%
1492 - FaucignyJacques
0%
1382 - ParisMaillotins
0%
1782-1783 - Gard & ArdècheMasques armés
0%
1798 - Régions de Liège et LuxembourgPaysans
0%
1670 - VivaraisRourois
0%
1593-1599 - Limousin & PérigordTard-avisés
0%
1378-1384 - Languedoc
Tuchins
0%

Distribution des résultats

Percentile par nombre de réponses

% des personnes avec chaque résultat

Votre développement - résultats

Vous n’avez pas pris ce quiz